| 000 | 00545nam a2200193Ia 4500 | ||
|---|---|---|---|
| 005 | 20260429112058.0 | ||
| 008 | 260429s9999||||xx |||||||||||||| ||und|| | ||
| 020 | _a9788126939367 | ||
| 041 | _aEnglish | ||
| 082 |
_a940.3 _bGAN |
||
| 100 | _aGanachari, Aravind | ||
| 245 | 0 |
_aIndians in the first world war : _bthe missing links / _cAravind Ganachari |
|
| 250 | _a1st ed. | ||
| 260 |
_aNew Delhi : _bAtlantic Publishers and Distributors, _c2024. |
||
| 300 | _axix, 389 p.; hb | ||
| 650 | _a Indians | ||
| 650 | _aWorld war | ||
| 942 | _cTB | ||
| 999 |
_c52236 _d52236 |
||